000 00740nam a22002177a 4500
003 DO-SdBNP
005 20211020143619.0
007 ta
008 210805b 2018 dr 00| 0 eng d
020 _a9789945090949
040 _aDO-SdBNP
_bspa
_cBNPHU
082 4 _222
100 1 _aCiprián, Rafael,
_d1959-
_9839
245 1 0 _aDerecho administrativo constitucionalizado :
_b(para ganar los casos y vencer la arbitrariedad, con la constitución) /
_cRafael Ciprián ; prólogo Servio Tulio Castaños Guzmán.
260 _aSanto Domingo :
_bCentenario,
_c2018.
300 _a278 p. ;
_c24 cm.
590 _aInventariado, 2021 /LP
700 1 _aCastaños Guzmán, Servio Tulio,
_epról.
_99389
910 _aLopérez
942 _2ddc
_cLBS1
999 _c50184
_d50184